Riesgos elčtricos y mecǹicos Prevencin̤ y proteccin̤ de accidentes /

Detalles Bibliográficos
Autor principal: Valencia Vanegas, Ferney
Formato: eBook
Lenguaje:español
Publicado: Bogot:̀ Ediciones de la U, 2016
Materias:
Acceso en línea:Acceso restringido

MARC

LEADER 00000nam a22000007a 4500
005 20181102004529.0
007 cr|||| ||||
008 181102s2016 co |||||s|||| 00||0 spa d
020 |a 978-958-762-441-0 
035 |a 22148 
040 |a vLex 
090 |c 8258  |d 8258 
100 1 |a Valencia Vanegas, Ferney 
245 1 0 |a Riesgos elčtricos y mecǹicos  |h [Recurso electrn̤ico] :  |b Prevencin̤ y proteccin̤ de accidentes /  |c Ferney Valencia Vanegas 
256 |a Servicio en ln̕ea 
260 |a Bogot:̀  |b Ediciones de la U,  |c 2016 
300 |a 1 recurso electrn̤ico 
500 |a Este texto compila informacin̤ para la prevencin̤ y proteccin̤ de accidentes de origen elčtricos y mecǹicos, mediante investigacin̤ bibliogrf̀ica y virtual, se refieren conceptos de prevencin̤ y proteccin̤ de accidentes al operar sistemas, mq̀uinas, equipos y herramientas, con conceptos que generen comportamientos seguros en operarios, tčnicos, profesionales y usuarios, para en el futuro disminuir el impacto socio econm̤ico ocasionado por los n̕dices de accidentalidad que presentan las diferentes actividades en la industria y en el hogar. 
506 1 |a Disponible solo en los productos indicados  |d vLex Global  |d vLex Global (Academic Edition, excluding Law Schools)  |d vLex Global (U.S. Academic Edition, Law Schools)  |d vLex Global (U.S. Academic Edition, excluding Law Schools)  |d vLex Global (Academic Edition, Law Schools) 
650 0 4 |a Ciencias sociales  |z Colombia 
740 0 |a vLex Libros (Servicio en ln̕ea) 
856 4 0 |u http://vlex.com/source/riesgos-electricos-y-mecanicos-prevencion-y-proteccion-de-accidentes-22148  |z Acceso restringido 
942 |c BOOK 
999 0 |a Social Sciences